| 000 | 02990nam2a2200337 i 4500 | ||
|---|---|---|---|
| 001 | RU\NLR\BIBL_A\010768976 | ||
| 005 | 20260408121740.0 | ||
| 010 | _a9785916587760 | ||
| 021 |
_aRU _b2015-29410 _91740 |
||
| 035 | _a(NLR Aleph) 010768976 | ||
| 090 |
_a10013497 _c10013497 |
||
| 100 | _a20150528d2015 k y0rusy50 ca | ||
| 101 | 0 | _arus | |
| 102 | _aRU | ||
| 105 | _ac z 100yy | ||
| 200 | 1 |
_aОбразовательная среда как основа развития индивидуальности обучающихся и их социализациии _eматериалы Международной научно-практической конференции, г. Волгоград, 26 марта 2015 г. |
|
| 210 |
_aМосква _cПланета _d2015 |
||
| 215 |
_a303 с. _cпортр. |
||
| 300 | _aВ надзаг.: М-во образования и науки Рос. Федерации, Ком. образования и науки Волгогр. обл., ФГБОУ ВПО "Волгогр. гос. социально-пед. ун-т", Муницип. общеобразоват. учреждение Лицей № 5 им. Ю.А. Гагарина Центр. р-на г. Волгограда | ||
| 300 | _aНа авантит.: 70-летию Победы в Великой Отечественной войне посвящается | ||
| 320 | _aБиблиогр. в конце ст. | ||
| 461 | 0 |
_1001RU\NLR\bibl\916435 _12001#$aМакаренковские педагогические чтения$vВып. 12 _912841 _aМакаренковские педагогические чтения (Волгоград) _cВолгоград _d2005 _nИзд-во Волгоградского государственного института повышения квалификации и переподготовки работников образования _tМакаренковские педагогические чтения _vВып. 12 |
|
| 606 |
_aОбразовательные учреждения _jСъезды, совещания и т.п _xПреподавание _xЛичностный подход _92120652 _3RU\NLR\AUTH\661584252 |
||
| 686 | 1 | _aЧ312я431 | |
| 711 | 1 | 2 |
_aМакаренковские педагогические чтения _d12 _eВолгоград _f2015 _9470244 _3RU\NLR\AUTH\880401646 |
| 711 | 1 | 2 |
_a"Образовательная среда как основа развития индивидуальности обучающихся и их социализациии", международная научно-практическая конференция _eВолгоград _f2015 _9470278 _3RU\NLR\AUTH\880401662 |
| 942 | _cBOOK | ||
| 980 | _aNBR | ||